000
00250nam a2200097Ia 4500
001
646863
005
20250826153651.0
008
250824s9999 xx 000 0 und d
245
0
_a
ÇANAKKALE GEÇİLMEZ
_c
RECEP ŞÜKRÜ APUHAN
260
_b
TİMAŞ TARİH
999
_c
646863
_d
646863